Follow The White Rabbit - Madison Beer - Statistics

General Stats
  • This quiz has been taken 16 times
  • The average score is 205 of 238
Answer Stats
Hint Answer % Correct
a
100%
And
100%
and
100%
Follow
100%
I
100%
the
100%
to
100%
you
100%
you?
100%
baby
91%
Baby
91%
do
91%
I'm
91%
in
91%
is
91%
Pre-Chorus Is
91%
like
91%
love
91%
my
91%
on
91%
rabbit
91%
see
91%
that
91%
That
91%
truth
91%
(Truth
91%
truth)
91%
want
91%
wanted
91%
When
91%
white
91%
(Yeah
91%
yeah
91%
yeah)
91%
your
91%
begun
82%
Chorus Devil
82%
dress
82%
feel
82%
heard
82%
just
82%
name's
82%
need
82%
of
82%
tip
82%
tongue
82%
wantin'
82%
wantin'?
82%
what
82%
eyes
73%
hauntin'
73%
Hauntin'
73%
I'ma
73%
into
73%
looked
73%
one
73%
Verse 1 Boy
64%
empty
64%
has
64%
if
64%
it
64%
too
64%
you're
64%
been
55%
by
55%
damage
55%
done
55%
fall
55%
know
55%
lap
55%
lose
55%
mind
55%
now
55%
over
55%
patience
55%
setting
55%
sun
55%
tears
55%
tonight
55%
we've
55%
No matching quizzes found
Score Distribution
Percent of People with Each Score
Percentile by Number Answered
Your Score History
You have not taken this quiz